00689 2200229 4500001002100000005001500021035002000036007000300056008004100059020001800100082002300118084002900141100002200170245006100192260006900253300002900322650001500351650001700366700001800383856003400401990002400435INLIS00000000000818720260408010020 a0010-0426000036ta260408 0 ind  a979-8073-19-3 a316:33:001.89(047) a316:33:001.89(047) ADN r0 aADNYANA, Made Oka1 aRisalah Hasil Penelitian Sosial-Ekonomi Dan Pengembangan aBogor :bPusat Penelitian Dan Pengembangan Tanaman Pangan,c1993 a277p. :bIlus ;c23.8 cm 4aPenelitian 4aPengembangan0 aArif Musaddad aPerpustakaan BBRMP Jawa Timur a327/2026/BBRMPJATIM